Обзор польской прессы за март 1938 г., составленный в пресс-бюро полпредства СССР в Польше

RUSMARC
00003742cam0a2200277#x 450
0010cf064c4-fddc-4ce9-ae68-fbf6b67c2ee1
00520210830164258.0
100##$a20210830j19380316k###0rusy50 ca
1010#$arus
102##$aPL
1220#$ad19380316##
2001#$aОбзор польской прессы за март 1938 г., составленный в пресс-бюро полпредства СССР в Польше
$j16 марта 1938 г.
251##$cДокумент
300##$aКопия
300##$aОбратная нумерация листов
461#0$12001
$aФ. 37967
$1251
$cФонд
$1852
$j37967
462#0$12001
$aОп. 8
$1251
$cОпись
$1852
$j8
462#0$12001
$aД. 1336
$vЛ. 29-26
$1251
$cДело
$1852
$j1336
605##$2prlib_sh
$3LIBNET\UAF\0000088514
$aВторая мировая война в архивных документах (Комплекс оцифрованных архивных документов, кино- и фотоматериалов)
$lколлекция
617##$2prlib_sh
$aПольша
$f1938
801#0$aRU
$bПБ им. Б.Н. Ельцина
$c20210830
801#1$aRU
$bПБ им. Б.Н. Ельцина
$c20210830
$2rusmarc
801#2$aRU
$bПБ им. Б.Н. Ельцина
$c20210830
$2rusmarc
850##$aРоссийский государственный военный архив
852##$aРГВА
$jЛ. 29-26
8564#$nПБ им. Б.Н. Ельцина
$uhttp://readingroom.main.prlib.ru/item.aspx?id_node=n167761181&mode=full
035##$aLIBNET\0001179976
937##$d167761181
$hФедеральное архивное агентство
Формат отображения